La Blanche Hermine - Statistiques

Statistiques générales
  • Ce quiz a été pris 84 fois
  • Le résultat moyen est 308 sur 416
Statistiques - réponses
Réponse % Correct
La
98%
La
98%
la
98%
98%
de
96%
De
96%
ma
96%
ce
93%
la
93%
à
91%
la
91%
ma
91%
t
91%
Blanche
89%
Hermine
89%
Hermine
89%
à
87%
de
87%
J'ai
87%
me
87%
voilà
87%
Blanche
84%
devant
84%
matin
84%
84%
paysans
84%
camarades
82%
champ
82%
elle
82%
en
82%
J'ai
82%
mon
82%
paysans
82%
Une
82%
voilà
82%
allez
80%
avec
80%
et
80%
Et
80%
haie
80%
la
80%
Ma
80%
marins
80%
rencontré
80%
troupe
80%
voilà
80%
vos
80%
vous
80%
d'ouvriers
78%
embuscades
78%
et
78%
Fougères
78%
la
78%
mouette
78%
vive
78%
vous
78%
armée
76%
avec
76%
champs
76%
chargés
76%
des
76%
elle
76%
fusils
76%
guerre
76%
je
76%
Je
76%
76%
me
76%
mie
76%
notre
76%
que
76%
rejoindre
76%
c'est
73%
enfants
73%
Nous
73%
viens
73%
vive
73%
dit
71%
embuscades
71%
en
71%
folie
71%
Fougères
71%
Clisson!
69%
Clisson!
69%
Elle
69%
elle
69%
faire
69%
longtemps
69%
pour
67%
bien
64%
d'aller
64%
m'en
64%
que
64%
vais
64%
bien
62%
Mais
62%
peine
62%
tendrons
62%
aura
60%
bas
60%
car
60%
d'être
60%
élever
60%
enfants
60%
les
60%
plus
60%
déraison
58%
dis
58%
enchaîné
58%
l'ajonc
58%
viens
58%
aux
56%
l'ajonc
56%
se
56%
si
56%
voir
53%
D'avoir
51%
l'ajonc
51%
l'amour
51%
pardonner
51%
pourra
51%
préféré
51%
qu'elle
51%
terre
51%
donnait
49%
Francs
49%
maison
49%
meurs
49%
coeur
47%
suis
47%
voir
44%
noir
42%
nuit
42%
bas
40%
déraison
40%
pense
40%
durera
38%
seule
38%
tant
38%
Comme
36%
femmes
36%
m'attendra
36%
noire
36%
nuit
36%
serre
36%
triste
36%
doute
31%
sans
31%
viendrai
27%
Aucun quiz correspondant
Distribution des résultats
% des personnes avec chaque résultat
Percentile par nombre de réponses
Votre historique - résultats
Vous n’avez pas pris ce quiz